02695cam a2200385 a 450000100090000000300040000900500170001300800410003001000170007102000180008802000250010604000180013104200080014905000210015708200170017808400230019510000260021824500810024425000120032526000640033730000550040150400510045650502210050752009550072865000210168365000540170470000270175885601060178585600910189185600920198290600450207494200400211995201330215999900170229216849336OSt20231128102624.0110629s2012 enkab b 001 0 eng  a 2011027496 a9781107000162 a9780521165143 (pbk.) aDLCcDLCdDLC apcc00aQL751b.M22 201200a591.5bMAN/I aMED0890002bisacsh1 aManning, Aubrey9996013aAn introduction to animal behaviour /cAubrey Manning, Marian Stamp Dawkins. a6th ed. aCambridge ;aNew York :bCambridge University Press,c2012. aix, 458 p. :bill. (some col.), col. map ;c26 cm. aIncludes bibliographical references and index.8 aMachine generated contents note: 1. Introduction; 2. The development of behaviour; 3. Stimuli and communication; 4. Decision-making and motivation; 5. Learning and memory; 6. Evolution; 7. Social organization; Index. a"Wolves excitedly greet each other as members of the pack come together; a bumble bee uses its long tongue to reach the nectar at the base of a foxglove flower; a mongoose swiftly and deftly bites its prey to death; young cheetahs rest quietly together, very close to sleep. Now in full colour, this revised and updated edition of Manning and Dawkins' classic text provides a beautifully written introduction to the fundamentals of animal behaviour. Tinbergen's four questions of causation, evolution, development and function form the fundamental framework of the text, illustrated with fascinating examples of complex behavioural mechanisms. The authors provide accounts of all levels of behaviour from the nerve cell to that of the population. The strengths of An Introduction to Animal Behaviour as a textbook include its clear explanations and concise, readable text and the enthusiasm of the authors for their subject"--cProvided by publisher. 0aAnimal behavior. 7aMEDICAL / Veterinary Medicine / General.2bisacsh1 aDawkins, Marian Stamp.423Contributor biographical informationuhttp://www.loc.gov/catdir/enhancements/fy1113/2011027496-b.html423Publisher descriptionuhttp://www.loc.gov/catdir/enhancements/fy1113/2011027496-d.html413Table of contents onlyuhttp://www.loc.gov/catdir/enhancements/fy1113/2011027496-t.html a7bcbccorignewd1eecipf20gy-gencatlg 2ddccBKh591.5iMAN/Ik591.5mMAN/I 00102ddc40708ZOOLOGYaMESbMEScZOOd2023-11-28l0o591.5 MAN/Ip43870r2023-11-28 10:33:10v1095.00w2023-11-28yBKzGL19R1 c43693d43693